000
00309nam a2200109Ia 4500
008
200302s9999 xx 000 0 und d
100
_a
Michael J. Crosbie
245
_a
Green Architecture A Guide to Sustainable Design
260
_b
The American Institute of Arcitects Press
260
_c
1994
300
_a
187 P.,
999
_c
1217
_d
1217